[Event "Oberliga Ost B"]
[Site "?"]
[Date "2023.02.05"]
[Round "7.6"]
[White "Roeschlau, Bernd"]
[Black "Bajorski, Marius"]
[Result "1-0"]
[WhiteElo "2189"]
[BlackElo "1926"]
[PlyCount "95"]
[EventDate "2022.09.18"]
[EventType "team-tourn"]
[EventCountry "GER"]
[WhiteTeam "Heusenstamm SC"]
[BlackTeam "Hofheim SV II"]
[WhiteTeamCountry "GER"]
[BlackTeamCountry "GER"]

1. d4 d5 2. c4 e6 3. Nc3 Nf6 4. Bg5 Be7 5. Nf3 O-O 6. e3 h6 7. Bf4 c5 8. Bd3 cxd4 9. exd4 Nc6 10. O-O Nb4 11. Be2 dxc4 12. Bxc4 b6 13. Qe2 Nbd5 14. Bg3 Bb7 15. Rad1 Bd6 16. Ne5 Rc8 17. Nb5 Bb8 18. Rc1 a6 19. Nc3 b5 20. Bb3 Bxe5 21. Bxe5 Qe7 22. Rfe1 Rfd8 23. Bc2 Nxc3 24. bxc3 Nd5 25. Qd3 g6 26. Qd2 Qg5 27. f4 Qh4 28. Be4 Ba8 29. Bxd5 Bxd5 30. Re3 h5 31. Rg3 Kf8 32. Rf1 Rc4 33. f5 exf5 34. Qh6+ Ke8 35. Bf4 Qe7 36. Re3 Be4 37. Bg5 f6 38. Qxg6+ Qf7 39. Qh6 Kd7 40. Rxe4 fxe4 41. Rxf6 Qd5 42. Rxa6 Rxc3 43. Ra7+ Rc7 44. Qg7+ Ke8 45. Qh8+ Kf7 46. Rxc7+ Rd7 47. Qxh5+ Kg8 48. Qg6+ 1-0

[Event "Oberliga Ost B"]
[Site "?"]
[Date "2023.02.05"]
[Round "7.7"]
[White "Barpiyeva, Gulsana"]
[Black "Flach, Erich"]
[Result "1/2-1/2"]
[WhiteElo "2022"]
[BlackElo "2085"]
[PlyCount "35"]
[EventDate "2022.09.18"]
[EventType "team-tourn"]
[EventCountry "GER"]
[WhiteTeam "Hofheim SV II"]
[BlackTeam "Heusenstamm SC"]
[WhiteTeamCountry "GER"]
[BlackTeamCountry "GER"]

1. c4 c5 2. g3 g6 3. Bg2 Bg7 4. Nc3 Nc6 5. d3 a6 6. e3 Rb8 7. Nge2 d6 8. O-O Bd7 9. d4 cxd4 10. exd4 Nh6 11. Be3 Nf5 12. Qd2 O-O 13. Rad1 Qa5 14. b3 Nxe3 15. fxe3 Bg4 16. h3 Bxe2 17. Nxe2 Qxd2 18. Rxd2 1/2-1/2

[Event "Oberliga Ost B"]
[Site "?"]
[Date "2023.02.05"]
[Round "7.8"]
[White "Prudlo, Simon"]
[Black "Burkart, Lloyd Shang"]
[Result "1-0"]
[WhiteElo "2175"]
[BlackElo "1931"]
[PlyCount "93"]
[EventDate "2022.09.18"]
[EventType "team-tourn"]
[EventCountry "GER"]
[WhiteTeam "Heusenstamm SC"]
[BlackTeam "Hofheim SV II"]
[WhiteTeamCountry "GER"]
[BlackTeamCountry "GER"]

1. e4 c5 2. Nc3 Nc6 3. Nge2 g6 4. d4 cxd4 5. Nxd4 Bg7 6. Nde2 Nf6 7. g3 b5 8. Bg2 Rb8 9. a3 O-O 10. O-O d6 11. h3 a6 12. Re1 Bb7 13. Nd5 Nd7 14. c3 e6 15. Nb4 Nxb4 16. axb4 Nb6 17. Nf4 e5 18. Nd3 Qc7 19. h4 Rfe8 20. h5 Qe7 21. hxg6 hxg6 22. Qg4 Bc8 23. Qe2 Qc7 24. Be3 Nc4 25. Rec1 Nxe3 26. Qxe3 Qb6 27. Qe2 Be6 28. Ra3 Ra8 29. Rca1 Ra7 30. Bf3 Bf6 31. Bg4 Kg7 32. Bxe6 fxe6 33. Kg2 Rh8 34. Qg4 Qc6 35. Re1 d5 36. exd5 Qxd5+ 37. Qe4 Re8 38. Kg1 Rd8 39. Nxe5 Bxe5 40. Qxe5+ Qxe5 41. Rxe5 Rd1+ 42. Kg2 Rd2 43. Rxe6 Rf7 44. Raxa6 Rfxf2+ 45. Kh3 Rxb2 46. Rxg6+ Kf7 47. Rgb6 1-0

[Event "Oberliga Ost B"]
[Site "?"]
[Date "2023.02.05"]
[Round "7.1"]
[White "Sadeghi, Behrang"]
[Black "Siebarth, Raiko"]
[Result "1/2-1/2"]
[WhiteElo "2244"]
[BlackElo "2319"]
[PlyCount "82"]
[EventDate "2022.09.18"]
[EventType "team-tourn"]
[EventCountry "GER"]
[WhiteTeam "Homburg Bad SK"]
[BlackTeam "Stadtilm SG BW"]
[WhiteTeamCountry "GER"]
[BlackTeamCountry "GER"]

1. e4 c5 2. c3 Nf6 3. e5 Nd5 4. Nf3 e6 5. d4 cxd4 6. cxd4 b6 7. Nc3 Nxc3 8. bxc3 Qc7 9. Bd2 Bb7 10. Bd3 d6 11. O-O Nd7 12. Re1 dxe5 13. Nxe5 Nxe5 14. Rxe5 Bd6 15. Bb5+ Bc6 16. Qf3 Rc8 17. Bxc6+ Qxc6 18. Qxc6+ Rxc6 19. Rb5 Kd7 20. a4 Bc7 21. Kf1 Re8 22. h3 e5 23. dxe5 Rxe5 24. Rxe5 Bxe5 25. Ra3 Bd6 26. Ra2 Bc5 27. Bf4 Bd6 28. Bd2 Rc5 29. Ke2 Kc6 30. Kd3 Re5 31. c4 Bc5 32. Bc3 Re6 33. Re2 Rd6+ 34. Kc2 Bd4 35. Bb4 Rf6 36. f3 Rf4 37. Re4 Rxe4 38. fxe4 g6 39. Kd3 Be5 40. g4 Bf6 41. Ba3 Be5 1/2-1/2

[Event "Oberliga Ost B"]
[Site "?"]
[Date "2023.02.05"]
[Round "7.2"]
[White "Mueller, Magnus"]
[Black "Lesny, Florian"]
[Result "1/2-1/2"]
[WhiteElo "2140"]
[BlackElo "2190"]
[PlyCount "83"]
[EventDate "2022.09.18"]
[EventType "team-tourn"]
[EventCountry "GER"]
[WhiteTeam "Stadtilm SG BW"]
[BlackTeam "Homburg Bad SK"]
[WhiteTeamCountry "GER"]
[BlackTeamCountry "GER"]

1. e4 c5 2. c3 Nf6 3. e5 Nd5 4. Nf3 Nc6 5. Bc4 Nb6 6. Bb3 c4 7. Bc2 d6 8. exd6 Qxd6 9. O-O Be6 10. Re1 Rd8 11. b3 Qc7 12. Na3 Bd5 13. Qe2 Na5 14. Nb5 Qd7 15. Nbd4 Nc6 16. Nxc6 bxc6 17. Ne5 Qe6 18. Ba3 g6 19. Qf1 cxb3 20. axb3 Bxb3 21. Bxb3 Qxb3 22. Nxc6 Rd7 23. Qa6 Qc4 24. Qxc4 Nxc4 25. Reb1 Rc7 26. Rb8+ Kd7 27. Nd4 Bg7 28. Rxh8 Bxh8 29. Nf3 Bf6 30. d4 Kc6 31. Kf1 Rb7 32. Bc5 a5 33. Ra4 Rb1+ 34. Ke2 Rb2+ 35. Kd3 Nd6 36. Bxd6 exd6 37. Nd2 Bd8 38. Rc4+ Kd7 39. g3 f5 40. Ra4 Kc6 41. Rc4+ Kd7 42. Ra4 1/2-1/2

[Event "Oberliga Ost B"]
[Site "?"]
[Date "2023.02.05"]
[Round "7.3"]
[White "Lenz, Jonas"]
[Black "Schneider, Christian"]
[Result "1/2-1/2"]
[WhiteElo "2148"]
[BlackElo "2231"]
[PlyCount "133"]
[EventDate "2022.09.18"]
[EventType "team-tourn"]
[EventCountry "GER"]
[WhiteTeam "Homburg Bad SK"]
[BlackTeam "Stadtilm SG BW"]
[WhiteTeamCountry "GER"]
[BlackTeamCountry "GER"]

1. d4 Nf6 2. c4 e6 3. g3 d5 4. Nf3 Be7 5. Bg2 O-O 6. O-O dxc4 7. Qc2 a6 8. a4 Bd7 9. Qxc4 Bc6 10. Bf4 Bd6 11. Qc1 a5 12. Nc3 Na6 13. Rd1 Nb4 14. Bg5 h6 15. Bh4 Be7 16. Bxf6 Bxf6 17. e4 Qb8 18. d5 exd5 19. exd5 Bd7 20. Ne4 Qd8 21. Nxf6+ Qxf6 22. Qxc7 Bg4 23. Qf4 Qxf4 24. gxf4 Rfd8 25. d6 Ra6 26. d7 Rxd7 27. Rxd7 Bxd7 28. Ne5 Bc6 29. Rc1 Kf8 30. Bxc6 Nxc6 31. Rc5 Nxe5 32. fxe5 Rg6+ 33. Kf1 b6 34. Rb5 Ke7 35. b4 axb4 36. Rxb4 Rc6 37. Kg2 Ke6 38. Rb5 Kf5 39. a5 bxa5 40. Rxa5 Rc7 41. Kg3 Re7 42. h3 Rxe5 43. Ra7 Kf6 44. Ra6+ Re6 45. Ra5 Rb6 46. h4 g6 47. Rc5 Rb3+ 48. f3 Rb6 49. Ra5 Re6 50. Kf4 Rb6 51. Kg3 Ke6 52. Ra8 Rb5 53. Ra6+ Kf5 54. Ra8 f6 55. Rh8 h5 56. Rh7 Rb8 57. Ra7 Re8 58. Ra5+ Re5 59. Ra8 g5 60. hxg5 fxg5 61. Rf8+ Kg6 62. f4 gxf4+ 63. Rxf4 Kg5 64. Rf3 Ra5 65. Rb3 Rc5 66. Rf3 Ra5 67. Rb3 1/2-1/2

[Event "Oberliga Ost B"]
[Site "?"]
[Date "2023.02.05"]
[Round "7.4"]
[White "Siebarth, Marco"]
[Black "Erdmann, Stefan"]
[Result "1/2-1/2"]
[WhiteElo "2072"]
[BlackElo "2141"]
[PlyCount "91"]
[EventDate "2022.09.18"]
[EventType "team-tourn"]
[EventCountry "GER"]
[WhiteTeam "Stadtilm SG BW"]
[BlackTeam "Homburg Bad SK"]
[WhiteTeamCountry "GER"]
[BlackTeamCountry "GER"]

1. e4 c5 2. Nf3 Nc6 3. d4 cxd4 4. Nxd4 Nf6 5. Nc3 d6 6. h3 e5 7. Nde2 Be6 8. g3 d5 9. exd5 Nxd5 10. Bg2 Nxc3 11. Qxd8+ Rxd8 12. Bxc6+ bxc6 13. Nxc3 Bf5 14. Be3 a6 15. Rc1 Bb4 16. Bd2 Bc5 17. Be3 Bd4 18. Bxd4 exd4 19. Nb1 O-O 20. Kd2 Rfe8 21. g4 Be4 22. Rhe1 g5 23. Na3 Bd5 24. Kd3 c5 25. Nc4 Re6 26. Rxe6 fxe6 27. Nd2 Rf8 28. Ke2 c4 29. c3 Rb8 30. b3 cxb3 31. axb3 dxc3 32. Rxc3 Kg7 33. Ke3 Rb4 34. f3 Kg6 35. Rd3 h5 36. Rd4 Rb8 37. b4 hxg4 38. hxg4 Rc8 39. Ne4 Rc1 40. Nf2 Re1+ 41. Kd2 Ra1 42. Ne4 Ra2+ 43. Ke3 Ra3+ 44. Rd3 Ra4 45. Rd4 Ra3+ 46. Rd3 1/2-1/2

[Event "Oberliga Ost B"]
[Site "?"]
[Date "2023.02.05"]
[Round "7.5"]
[White "Kaliski, Erwin"]
[Black "Mehlhorn, Uwe"]
[Result "1-0"]
[WhiteElo "2212"]
[BlackElo "2021"]
[PlyCount "81"]
[EventDate "2022.09.18"]
[EventType "team-tourn"]
[EventCountry "GER"]
[WhiteTeam "Homburg Bad SK"]
[BlackTeam "Stadtilm SG BW"]
[WhiteTeamCountry "GER"]
[BlackTeamCountry "GER"]

1. e4 c6 2. d4 d5 3. Nd2 dxe4 4. Nxe4 Nf6 5. Ng3 Qc7 6. Nf3 Bg4 7. h3 Bxf3 8. Qxf3 e6 9. Bg5 Nbd7 10. O-O-O Qa5 11. Bxf6 Nxf6 12. Bc4 O-O-O 13. Ne4 Nxe4 14. Qxe4 Bd6 15. Rhe1 Qc7 16. Rd3 Kb8 17. Rb3 Ka8 18. g3 g6 19. h4 h5 20. Ree3 Rhe8 21. Rec3 Rc8 22. f4 Qd7 23. Bf1 Bf8 24. Bg2 Qd5 25. Qe2 Qa5 26. a3 Red8 27. Rc4 Qa6 28. Rxc6 Qxe2 29. Rxc8+ Rxc8 30. Bxb7+ Kb8 31. Ba6+ Kc7 32. Bxe2 Rd8 33. c3 Rd6 34. Kc2 Rb6 35. Bb5 Kd8 36. Kd3 f6 37. c4 a6 38. Ba4 Rxb3+ 39. Bxb3 Bd6 40. c5 Bb8 41. Bxe6 1-0

[Event "Oberliga Ost B"]
[Site "?"]
[Date "2023.02.05"]
[Round "7.6"]
[White "Neubauer, Andreas"]
[Black "Dunsbach, Ralf"]
[Result "0-1"]
[WhiteElo "2159"]
[BlackElo "2128"]
[PlyCount "106"]
[EventDate "2022.09.18"]
[EventType "team-tourn"]
[EventCountry "GER"]
[WhiteTeam "Stadtilm SG BW"]
[BlackTeam "Homburg Bad SK"]
[WhiteTeamCountry "GER"]
[BlackTeamCountry "GER"]

1. e4 c5 2. c3 Nf6 3. e5 Nd5 4. Nf3 e6 5. d4 cxd4 6. cxd4 d6 7. Bc4 Be7 8. O-O O-O 9. Bxd5 exd5 10. Nc3 dxe5 11. dxe5 Be6 12. Qe2 Nc6 13. Rd1 Qd7 14. Bf4 Rac8 15. Rd2 Bb4 16. Qd3 Ne7 17. Rc1 Bxc3 18. Rxc3 Rxc3 19. Qxc3 Rc8 20. Qb3 Rc1+ 21. Rd1 d4 22. Qd3 Rxd1+ 23. Qxd1 Nc6 24. b3 h6 25. h3 Bf5 26. Qc1 Qd5 27. Kh2 Be4 28. Nd2 Bxg2 29. Qg1 Be4 30. Bxh6 Bg6 31. Bf4 Nxe5 32. Qg5 f6 33. Qg3 Be8 34. Bh6 Ng6 35. Bf4 Bc6 36. f3 Nxf4 37. Qxf4 Qe5 38. Qxe5 fxe5 39. Kg3 Kf7 40. Kg4 Kf6 41. h4 Bd5 42. Nf1 b5 43. Nd2 b4 44. Nf1 a5 45. Nd2 Be6+ 46. Kg3 Kf5 47. Ne4 Bd5 48. Nd2 g6 49. Nf1 e4 50. fxe4+ Kxe4 51. Kg4 Kd3 52. Kg5 Ke2 53. Ng3+ Kf2 0-1

[Event "Oberliga Ost B"]
[Site "?"]
[Date "2023.02.05"]
[Round "7.7"]
[White "Merkle, Egon"]
[Black "Schmidt, Daniel"]
[Result "1/2-1/2"]
[WhiteElo "2141"]
[BlackElo "1928"]
[PlyCount "107"]
[EventDate "2022.09.18"]
[EventType "team-tourn"]
[EventCountry "GER"]
[WhiteTeam "Homburg Bad SK"]
[BlackTeam "Stadtilm SG BW"]
[WhiteTeamCountry "GER"]
[BlackTeamCountry "GER"]

1. c4 g6 2. d4 Nf6 3. Nc3 Bg7 4. e4 d6 5. Nf3 O-O 6. Be2 e5 7. O-O Nbd7 8. Be3 Ng4 9. Bg5 f6 10. Bh4 Nh6 11. d5 g5 12. Bg3 f5 13. exf5 Nxf5 14. Ne4 h6 15. Nfd2 Nf6 16. Nxf6+ Qxf6 17. Ne4 Qe7 18. Bg4 Bd7 19. Re1 Be8 20. f3 Nxg3 21. hxg3 Bd7 22. Bxd7 Qxd7 23. g4 Bf6 24. Qe2 Kg7 25. Ng3 Rh8 26. Rac1 b6 27. b4 a5 28. a3 axb4 29. axb4 Ra4 30. c5 bxc5 31. bxc5 Kf7 32. Ne4 Be7 33. c6 Qc8 34. Qc2 Qa6 35. Nc3 Rf4 36. Ra1 Qb6+ 37. Qf2 Qb3 38. Qe3 Rc4 39. Rac1 h5 40. Qd3 Qb6+ 41. Kf1 Rf4 42. g3 Qd4 43. Qxd4 Rxd4 44. gxh5 Rxh5 45. Kg2 g4 46. fxg4 Rxg4 47. Ne4 Rg8 48. Rb1 Rc8 49. Rb7 Kg6 50. Ra1 Kf5 51. Kf3 Rhh8 52. Raa7 Bd8 53. g4+ Kg6 54. Ra2 1/2-1/2

[Event "Oberliga Ost B"]
[Site "?"]
[Date "2023.02.05"]
[Round "7.8"]
[White "Cress, Bastian"]
[Black "Heiming, Helmut"]
[Result "1/2-1/2"]
[WhiteElo "1629"]
[BlackElo "1881"]
[PlyCount "35"]
[EventDate "2022.09.18"]
[EventType "team-tourn"]
[EventCountry "GER"]
[WhiteTeam "Stadtilm SG BW"]
[BlackTeam "Homburg Bad SK"]
[WhiteTeamCountry "GER"]
[BlackTeamCountry "GER"]

1. e4 e5 2. Nf3 Nf6 3. Nxe5 d6 4. Nf3 Nxe4 5. Nc3 Nxc3 6. dxc3 Be7 7. Be3 Nc6 8. Qd2 Ne5 9. Be2 Be6 10. h3 Bf6 11. b3 Nxf3+ 12. Bxf3 c6 13. Bd4 d5 14. O-O O-O 15. Qf4 Bg5 16. Qe5 Bf6 17. Qf4 Bg5 18. Qe5 1/2-1/2

[Event "Oberliga Ost B"]
[Site "?"]
[Date "2023.02.05"]
[Round "7.1"]
[White "Khenkin, Igor"]
[Black "Humburg, Philipp"]
[Result "1-0"]
[WhiteElo "2499"]
[BlackElo "2220"]
[PlyCount "121"]
[EventDate "2022.09.18"]
[EventType "team-tourn"]
[EventCountry "GER"]
[WhiteTeam "Wiesbadener SV"]
[BlackTeam "Marburg SK"]
[WhiteTeamCountry "GER"]
[BlackTeamCountry "GER"]

1. d4 Nf6 2. c4 g6 3. Nc3 Bg7 4. e4 d6 5. h3 O-O 6. Nf3 e5 7. d5 a5 8. g4 Na6 9. Be3 Nc5 10. Nd2 Bd7 11. Be2 a4 12. h4 a3 13. b4 Na4 14. Nxa4 Bxa4 15. Qc1 c6 16. g5 Nh5 17. Bxh5 gxh5 18. dxc6 bxc6 19. Qxa3 Qd7 20. Qd3 Rfb8 21. a3 d5 22. Bc5 Qg4 23. Qh3 Qe6 24. Qxe6 fxe6 25. Rh3 Rd8 26. Rc1 Rd7 27. Nb1 dxc4 28. Nd2 Rd3 29. Rxd3 cxd3 30. Nc4 Bb5 31. Kd2 h6 32. Bd6 hxg5 33. hxg5 Kh7 34. Rc3 h4 35. Bxe5 h3 36. Rxd3 Bxc4 37. Rxh3+ Kg6 38. Bxg7 Kxg7 39. f4 Bb5 40. f5 Rd8+ 41. Kc3 exf5 42. exf5 Rd1 43. Rh6 Rd3+ 44. Kb2 Rd2+ 45. Kc3 Rd3+ 46. Kb2 Rd2+ 47. Kc1 Rd8 48. f6+ Kf7 49. Rh7+ Kg6 50. Rg7+ Kf5 51. Kc2 Ke6 52. f7 Ke7 53. Rg8 Rf8 54. g6 Bc4 55. Rxf8 Kxf8 56. a4 Be2 57. Kc3 Bh5 58. a5 Bxg6 59. a6 c5 60. b5 Bd3 61. Kxd3 1-0

[Event "Oberliga Ost B"]
[Site "?"]
[Date "2023.02.05"]
[Round "7.2"]
[White "Baum, Bernd"]
[Black "Geske, Julian"]
[Result "1/2-1/2"]
[WhiteElo "2279"]
[BlackElo "2390"]
[PlyCount "72"]
[EventDate "2022.09.18"]
[EventType "team-tourn"]
[EventCountry "GER"]
[WhiteTeam "Marburg SK"]
[BlackTeam "Wiesbadener SV"]
[WhiteTeamCountry "GER"]
[BlackTeamCountry "GER"]

1. Nf3 d5 2. g3 Nf6 3. Bg2 c6 4. O-O Bf5 5. b3 e6 6. Bb2 Be7 7. d3 h6 8. Nbd2 O-O 9. c4 Nbd7 10. Qc2 Bh7 11. Rac1 Qb8 12. Qb1 e5 13. cxd5 cxd5 14. e4 d4 15. a4 b5 16. Nh4 bxa4 17. bxa4 Qb4 18. Nc4 Rab8 19. Qc2 Qb3 20. Qe2 Rfc8 21. Rb1 Qxa4 22. Nf5 Bf8 23. f4 Bxf5 24. exf5 exf4 25. gxf4 Nc5 26. Ra1 Qd7 27. Ne5 Qb5 28. Ra2 Na4 29. Bxd4 Bc5 30. Qf2 Bxd4 31. Qxd4 Nc3 32. Qxa7 Nxa2 33. Qxf7+ Kh7 34. Qg6+ Kg8 35. Qf7+ Kh7 36. Qg6+ Kg8 1/2-1/2

[Event "Oberliga Ost B"]
[Site "?"]
[Date "2023.02.05"]
[Round "7.3"]
[White "Dubkov, Andrej"]
[Black "Dorst, Johannes"]
[Result "1-0"]
[WhiteElo "2333"]
[BlackElo "2218"]
[PlyCount "133"]
[EventDate "2022.09.18"]
[EventType "team-tourn"]
[EventCountry "GER"]
[WhiteTeam "Wiesbadener SV"]
[BlackTeam "Marburg SK"]
[WhiteTeamCountry "GER"]
[BlackTeamCountry "GER"]

1. Nf3 c5 2. c4 Nc6 3. Nc3 e6 4. g3 Nf6 5. Bg2 Be7 6. O-O O-O 7. d4 cxd4 8. Nxd4 a6 9. Bf4 Qb6 10. Nxc6 dxc6 11. Na4 Qa5 12. Qc2 Nd7 13. Rfd1 e5 14. Bd2 Qc7 15. c5 Rb8 16. Rac1 Kh8 17. Bb4 Nf6 18. Nb6 Be6 19. Ba5 e4 20. Nc4 Qc8 21. Nd6 Bxd6 22. Rxd6 Bd5 23. Rxf6 gxf6 24. Bxe4 Bxe4 25. Qxe4 Qe6 26. Qh4 Rg8 27. Bc3 Rg6 28. Rd1 Qg4 29. Bxf6+ Kg8 30. Qxg4 Rxg4 31. Rd7 Rc4 32. Bd4 Kf8 33. e3 Ke8 34. Rc7 Rb4 35. Bf6 Rb5 36. Bd4 Rd8 37. Bf6 Rb8 38. Re7+ Kf8 39. Re4 h6 40. a4 Rb3 41. Rh4 Ke8 42. Rxh6 Kd7 43. Be5 Re8 44. Rd6+ Ke7 45. Bc3 Kf8 46. a5 Re4 47. Rd4 Re6 48. Kf1 Ke7 49. Ke2 Re5 50. Rc4 Rd5 51. e4 Rd8 52. h4 f6 53. g4 Kf7 54. h5 Rd7 55. f4 Rd8 56. g5 Rh8 57. h6 Re8 58. h7 Kg6 59. gxf6 Kxh7 60. Kd3 Kg6 61. Kc2 Rb5 62. b4 Rh8 63. Rd4 Rh2+ 64. Rd2 Rxd2+ 65. Kxd2 b6 66. f5+ Kf7 67. cxb6 1-0

[Event "Oberliga Ost B"]
[Site "?"]
[Date "2023.02.05"]
[Round "7.4"]
[White "Alber, Horst"]
[Black "Bakiev, Diyor"]
[Result "0-1"]
[WhiteElo "2241"]
[BlackElo "2076"]
[PlyCount "58"]
[EventDate "2022.09.18"]
[EventType "team-tourn"]
[EventCountry "GER"]
[WhiteTeam "Marburg SK"]
[BlackTeam "Wiesbadener SV"]
[WhiteTeamCountry "GER"]
[BlackTeamCountry "GER"]

1. d4 Nf6 2. c4 e6 3. g3 d5 4. Bg2 Bb4+ 5. Bd2 Be7 6. Qc2 c6 7. Nf3 O-O 8. O-O b6 9. Bf4 Nbd7 10. cxd5 cxd5 11. Nc3 Bb7 12. Rfc1 Rc8 13. Qb3 a6 14. a4 Ne8 15. h4 Nd6 16. Bxd6 Bxd6 17. e4 dxe4 18. Ng5 Nf6 19. Re1 Bd5 20. Qc2 Bb4 21. Rac1 Rc4 22. Bf1 Rxd4 23. Bxa6 Ba8 24. Re2 e3 25. Rxe3 Rd2 26. Qb3 Bc5 27. Re2 Qd6 28. Rxd2 Qxd2 29. Rf1 Qd6 0-1

[Event "Oberliga Ost B"]
[Site "?"]
[Date "2023.02.05"]
[Round "7.6"]
[White "Rolle, Eric"]
[Black "Minor, Samuel"]
[Result "1-0"]
[WhiteElo "2124"]
[BlackElo "2171"]
[PlyCount "99"]
[EventDate "2022.09.18"]
[EventType "team-tourn"]
[EventCountry "GER"]
[WhiteTeam "Marburg SK"]
[BlackTeam "Wiesbadener SV"]
[WhiteTeamCountry "GER"]
[BlackTeamCountry "GER"]

1. c4 Nf6 2. Nc3 e6 3. e4 d5 4. e5 d4 5. exf6 dxc3 6. bxc3 Qxf6 7. Nf3 e5 8. Qe2 Nc6 9. d4 Bg4 10. d5 Bxf3 11. gxf3 Ne7 12. Rb1 b6 13. Rg1 Ng6 14. Qe4 Bc5 15. Bh3 Qd8 16. Bg5 Be7 17. Bxe7 Kxe7 18. Bf5 Re8 19. h4 Kf8 20. Bxg6 hxg6 21. Rg5 f5 22. Qe3 Kf7 23. Ke2 e4 24. f4 Rh8 25. Rbg1 Qf6 26. Qg3 e3 27. Rxg6 Qxc3 28. Rxg7+ Kf8 29. Rg8+ Ke7 30. Qg7+ Qxg7 31. R8xg7+ Kd6 32. R1g6+ Kc5 33. Rxc7+ Kb4 34. fxe3 Rxh4 35. Kd3 Rh2 36. Rg5 Rxa2 37. Rxf5 Ra3+ 38. Kd4 Ra1 39. d6 Rd1+ 40. Ke5 a5 41. Ke6 Re8+ 42. Re7 Rd8 43. c5 a4 44. Rb7 a3 45. Rxb6+ Kc4 46. Ra6 Re8+ 47. Kd7 Rxe3 48. c6 Rh3 49. c7 Rh7+ 50. Kc6 1-0

[Event "Oberliga Ost B"]
[Site "?"]
[Date "2023.02.05"]
[Round "7.7"]
[White "Tuzi, Bruna"]
[Black "Duncker, Joachim"]
[Result "0-1"]
[WhiteElo "2025"]
[BlackElo "2200"]
[PlyCount "120"]
[EventDate "2022.09.18"]
[EventType "team-tourn"]
[EventCountry "GER"]
[WhiteTeam "Wiesbadener SV"]
[BlackTeam "Marburg SK"]
[WhiteTeamCountry "GER"]
[BlackTeamCountry "GER"]

1. e4 d5 2. exd5 Nf6 3. Bb5+ Nbd7 4. c4 a6 5. Bxd7+ Bxd7 6. d4 e6 7. dxe6 Bxe6 8. d5 Bg4 9. Nf3 Qe7+ 10. Qe2 Bxf3 11. gxf3 O-O-O 12. Qxe7 Bxe7 13. O-O Nd7 14. Nd2 Bb4 15. b3 Ne5 16. Kg2 c6 17. a3 Bxd2 18. Bxd2 cxd5 19. cxd5 Rxd5 20. Rfc1+ Nc6 21. Be3 Re8 22. b4 Re6 23. a4 Rg6+ 24. Kf1 Kd7 25. Rab1 Rf6 26. b5 axb5 27. axb5 Ne5 28. f4 Ng4 29. b6 Nxe3+ 30. fxe3 Rc6 31. Ke2 Rh5 32. Rd1+ Ke7 33. Rg1 Rxh2+ 34. Kf3 g6 35. Rgc1 Rhc2 36. Rd1 Rd6 37. Rh1 h5 38. Rb3 Rdd2 39. Rb5 Rb2 40. Rb1 Rxb5 41. Rxb5 Kd6 42. f5 Kc6 43. Rb3 Rd5 44. e4 Rb5 45. Rd3 gxf5 46. exf5 Rxf5+ 47. Ke4 Rf6 48. Rh3 Rh6 49. Rf3 f6 50. Kf5 h4 51. Rh3 Kxb6 52. Ke6 Kc5 53. Kf7 f5 54. Kg7 Rd6 55. Rxh4 b5 56. Rf4 Rd5 57. Kf6 b4 58. Rf1 Kc4 59. Ke6 Rb5 60. Rf4+ Kd3 0-1

[Event "Oberliga Ost B"]
[Site "?"]
[Date "2023.02.05"]
[Round "7.8"]
[White "Neidhardt, Helge"]
[Black "Buchholz, Maja Patricia"]
[Result "1-0"]
[WhiteElo "1996"]
[BlackElo "1898"]
[PlyCount "117"]
[EventDate "2022.09.18"]
[EventType "team-tourn"]
[EventCountry "GER"]
[WhiteTeam "Marburg SK"]
[BlackTeam "Wiesbadener SV"]
[WhiteTeamCountry "GER"]
[BlackTeamCountry "GER"]

1. d4 d5 2. c4 c6 3. Nf3 Nf6 4. e3 Bf5 5. Nc3 e6 6. Nh4 Be4 7. f3 Bg6 8. g3 Qc7 9. Be2 Nbd7 10. cxd5 exd5 11. Kf2 Bd6 12. Bd2 O-O 13. Rc1 a6 14. Ng2 Rae8 15. Nf4 Qb8 16. a3 Re7 17. Rg1 Rfe8 18. b4 Bf5 19. Qf1 g5 20. Nd3 g4 21. f4 h5 22. Ne5 Nf8 23. Bd3 Ne4+ 24. Nxe4 Bxe4 25. Bxe4 dxe4 26. Nc4 Bc7 27. Qd1 Qd8 28. h3 Qd7 29. Rh1 f6 30. hxg4 hxg4 31. Rh4 Rg7 32. Qc2 Ng6 33. Rh6 Rh7 34. Rch1 Nf8 35. Qd1 Qe6 36. Qc2 Kg7 37. Rxh7+ Nxh7 38. a4 Rf8 39. b5 axb5 40. axb5 cxb5 41. Na3 Qc6 42. Rc1 Bd6 43. Qb1 Qe8 44. Nxb5 Bb8 45. Nc3 Ng5 46. Ke2 Nf3 47. Nxe4 Rh8 48. Qxb7+ Kg6 49. Kd3 Rh7 50. Qa6 Qf7 51. Rb1 Ba7 52. Bc3 Rh2 53. Rb7 Ra2 54. f5+ Kxf5 55. Qb5+ Ne5+ 56. Qxe5+ fxe5 57. Rxf7+ Kg6 58. Rf6+ Kg7 59. d5 1-0

[Event "Oberliga Ost B"]
[Site "?"]
[Date "2023.02.05"]
[Round "7.1"]
[White "Konopka, Michal"]
[Black "Philipp, Mathias"]
[Result "1-0"]
[WhiteElo "2352"]
[BlackElo "2172"]
[PlyCount "77"]
[EventDate "2022.09.18"]
[EventType "team-tourn"]
[EventCountry "GER"]
[WhiteTeam "Schoeneck SF"]
[BlackTeam "Weimar SV Vimaria"]
[WhiteTeamCountry "GER"]
[BlackTeamCountry "GER"]

1. Nf3 f5 2. g3 Nf6 3. Bg2 e6 4. c4 Be7 5. O-O O-O 6. b3 d5 7. d4 b6 8. Qc2 Ne4 9. Bb2 Bb7 10. Nbd2 Nd7 11. Rac1 Rc8 12. Rfd1 Qe8 13. Ne1 Bg5 14. e3 h5 15. Ndf3 Bf6 16. Nd3 g5 17. Nfe5 Nxe5 18. dxe5 Be7 19. f3 Nc5 20. Nf2 a5 21. cxd5 exd5 22. f4 c6 23. Ba3 g4 24. Nd3 Ne6 25. Bxe7 Qxe7 26. Ne1 h4 27. gxh4 Qxh4 28. Qf2 Qh6 29. Nc2 Rc7 30. Nd4 Nc5 31. Qg3 Ba6 32. Nxf5 Qg6 33. Nd4 Bd3 34. Nxc6 Ne4 35. Bxe4 Bxe4 36. Nd4 Rfc8 37. Rxc7 Rxc7 38. e6 Rh7 39. f5 1-0

[Event "Oberliga Ost B"]
[Site "?"]
[Date "2023.02.05"]
[Round "7.2"]
[White "Bock, Marlon"]
[Black "Marchio, Enrico"]
[Result "0-1"]
[WhiteElo "1908"]
[BlackElo "2280"]
[PlyCount "94"]
[EventDate "2022.09.18"]
[EventType "team-tourn"]
[EventCountry "GER"]
[WhiteTeam "Weimar SV Vimaria"]
[BlackTeam "Schoeneck SF"]
[WhiteTeamCountry "GER"]
[BlackTeamCountry "GER"]

1. d4 d5 2. Nf3 c5 3. e3 Nc6 4. b3 cxd4 5. exd4 Bg4 6. Be2 Nf6 7. Bb2 e6 8. O-O Bxf3 9. Bxf3 Be7 10. Qe2 O-O 11. Nd2 Rc8 12. a3 Qb6 13. Qd3 Rfd8 14. Rfc1 h6 15. Rab1 Rc7 16. b4 Ne8 17. Nb3 Bf6 18. Nc5 Nd6 19. g3 Ne7 20. Ba1 Nc4 21. a4 Qd6 22. Bc3 Nc6 23. Kg2 e5 24. dxe5 N6xe5 25. Bxe5 Nxe5 26. Qb3 Nxf3 27. Qxf3 Bg5 28. Rd1 b6 29. Nb3 Qxb4 30. Rd4 Qc3 31. Rd3 Qxc2 32. Rbd1 Rcd7 33. a5 bxa5 34. Nxa5 Qc5 35. Nb3 Qb5 36. Nd4 Qb6 37. Nf5 d4 38. h4 Bf6 39. Rb3 Qe6 40. Rbd3 Qd5 41. g4 Kh7 42. Qxd5 Rxd5 43. Kf3 g6 44. Ne3 Rc5 45. g5 hxg5 46. hxg5 Rxg5 47. Nc2 Rf5+ 0-1